[Event "Let's Play Chess!"]
[Site "http://www.queenalice.com/game.php?id=697359"]
[Date "2009.12.13"]
[Round "-"]
[White "newblockader"]
[Black "marinaldo"]
[Result "1-0"]
[WhiteElo "1677"]
[BlackElo "1083"]

1. Nf3 d5 2. d4 Nc6 3. e3 Nf6 4. Bb5 a6 5. Bxc6+ bxc6 6. O-O h5 7. b3 Ne4 8.
Nbd2 Nc3 9. Qe1 f6 10. Nb1 Ne4 11. Nc3 e6 12. Nxe4 dxe4 13. Nd2 Bb4 14. Qe2 Bc3
15. Rb1 a5 16. Bb2 Bxb2 17. Rxb2 Ba6 18. c4 O-O 19. Qxh5 f5 20. f3 Qe8 21. Qxe8
Raxe8 22. fxe4 fxe4 23. Nxe4 a4 24. bxa4 Bxc4 25. Rc1 Bd5 26. Nc3 Rb8 27. Rcb1
Rxb2 28. Rxb2 Bc4 29. Rf2 g5 30. Rxf8+ Kxf8 31. a5 Kf7 32. Kf2 Kf6 33. Ne4+ Kf5
34. Ng3+ Kg4 35. a3 Kh4 36. h3 g4 37. hxg4 Kxg4 38. e4 Ba6 39. Ne2 Bc4 40. g3
Ba6 41. Nc3 Bd3 42. d5 cxd5 43. exd5 e5 44. Nb5 Bxb5 45. Ke3 Kxg3 46. Ke4 Kg4
47. Kxe5 Kg5 48. d6 cxd6+ 49. Kxd6 Kf5 50. Kc5 Bf1 51. Kb6 Ke5 52. a6 Kd5 53. a7
1-0

[Event "Challenge"]
[Site "http://www.queenalice.com/game.php?id=702746"]
[Date "2009.12.24"]
[Round "-"]
[White "marinaldo"]
[Black "alainbouley"]
[Result "0-1"]
[WhiteElo "1100"]
[BlackElo "1415"]

1. e4 e5 2. Qh5 Nc6 3. Bc4 Qe7 4. a4 Nf6 5. Qf5 d5 6. Qf3 dxc4 7. a5 Nd4 8. Qc3
Qb4 9. Qxb4 Nxc2+ 10. Kd1 Nxb4 11. Ra4 Nd3 12. Ke2 Nxc1+ 13. Ke3 Bc5+ 14. Kf3
Bg4+ 15. Kg3 h5 16. h3 h4+ 17. Kh2 Be6 18. Nf3 Nd3 19. Na3 Bxf2 20. Nxc4 Bg3+
21. Kg1 O-O-O 22. Kf1 Bxc4 23. Rxc4 Nxb2 24. Rb4 Nd3 25. Rb3 Nxe4 26. Ke2 Ndc5
27. Rb5 a6 28. Rb2 Bf4 29. d3 Ng3+ 30. Kd1 Rxd3+ 31. Nd2 Nxh1 32. Rc2 Bxd2 33.
Rxc5 Bb4+ 34. Ke2 Rhd8 35. Rxe5 Ng3+ 36. Kf2 Rd2+ 37. Kf3 f6 38. Re7 Bxe7 0-1

[Event "Challenge"]
[Site "http://www.queenalice.com/game.php?id=717689"]
[Date "2010.1.21"]
[Round "-"]
[White "babycrocket"]
[Black "marinaldo"]
[Result "1-0"]
[WhiteElo "1610"]
[BlackElo "1100"]

1. e4 e5 2. Nf3 Nc6 3. d3 Nf6 4. Be2 Bc5 5. h3 Nh5 6. Nxe5 Nf4 7. Bxf4 Nxe5 8.
Bxe5 Qg5 9. Bg3 d5 10. Nd2 d4 11. c3 h5 12. Nf3 Qg6 13. O-O h4 14. Nxh4 Qf6 15.
Bg4 g5 16. Nf5 dxc3 17. e5 Qe6 18. Ng7+ Ke7 19. Nxe6 Bxe6 20. bxc3 Rad8 21. Rb1
b6 22. d4 Ba3 23. Bxe6 fxe6 24. Qf3 Rdf8 25. Qe3 Rf5 26. c4 Rb8 27. Qxa3+ Ke8
28. Qxa7 Rc8 29. a4 Kd7 30. a5 bxa5 31. Qxa5 Rff8 32. d5 Ra8 33. Qd2 Rg8 34.
Rfd1 Ra4 35. dxe6+ Kxe6 36. Qd7# 1-0

[Event "Challenge"]
[Site "http://www.queenalice.com/game.php?id=719717"]
[Date "2010.1.24"]
[Round "-"]
[White "pacomar16"]
[Black "marinaldo"]
[Result "0-1"]
[WhiteElo "1174"]
[BlackElo "1083"]

1. e4 e5 2. Qh5 Nc6 3. g3 g6 4. Qf3 a6 5. Bc4 Nh6 6. g4 g5 7. d3 Nd4 8. Qd1 b5
9. c3 Ne6 10. Bd5 c6 11. Bb3 Nf4 12. Qf3 d6 13. Nh3 Bxg4 14. Qxg4 Nxg4 15. f3
Nh6 16. Nxg5 Qxg5 17. Nd2 Qg2 18. Rf1 Qe2# 0-1

[Event "Challenge"]
[Site "http://www.queenalice.com/game.php?id=720763"]
[Date "2010.1.26"]
[Round "-"]
[White "marinaldo"]
[Black "babycrocket"]
[Result "1-0"]
[WhiteElo "1100"]
[BlackElo "1642"]

1. e4 e5 2. Nf3 Nc6 3. c3 d6 4. b4 h6 5. h3 Nf6 6. d3 Be7 7. a4 a5 8. b5 Nb8 9.
g4 Nh7 10. c4 b6 11. Nc3 Nd7 12. Ba3 Ndf8 13. Nd5 Ne6 14. h4 Bb7 15. Bh3 Bxh4
16. Nxh4 Qxh4 17. g5 Qxg5 18. Bxe6 fxe6 19. Nxc7+ Kd7 20. Nxa8 Bxa8 21. Bc1 Qg6
22. Kf1 Rf8 23. Rg1 Qf6 24. Ra2 Rf7 25. Qh5 d5 26. Rg6 Qf3 27. Qxf3 Rxf3 28.
Rxg7+ Kc8 29. exd5 Rxd3 30. dxe6 Rd1+ 31. Ke2 Rxc1 32. Rxh7 Rxc4 33. e7 Kd7 34.
Rd2+ 1-0

[Event "Challenge"]
[Site "http://www.queenalice.com/game.php?id=721365"]
[Date "2010.1.27"]
[Round "-"]
[White "babycrocket"]
[Black "marinaldo"]
[Result "1-0"]
[WhiteElo "1768"]
[BlackElo "1083"]

1. e4 e5 2. Nf3 Nc6 3. d3 Nf6 4. c3 h6 5. Nbd2 d5 6. h3 b5 7. Be2 a6 8. O-O g5
9. Nh2 h5 10. exd5 Qxd5 11. Ne4 Nxe4 12. dxe4 Qxe4 13. Bd2 Bb7 14. Re1 Nd4 15.
Bxb5+ Nxb5 16. Rxe4 Bxe4 17. f3 Bc6 18. Qa4 f6 19. c4 Bc5+ 20. Kh1 Na7 21. Qxa6
O-O 22. b4 Bd7 23. Qb7 Bd4 24. Rb1 Rfc8 25. Qd5+ Kf8 26. Qxd7 c6 27. Qf5 Kf7 28.
Qh7+ Ke6 29. Qxh5 Rd8 30. Qh6 Bf2 31. Bxg5 Rf8 32. Ng4 Kf5 33. Bxf6 Nc8 34. Qxf8
Rb8 35. Bxe5+ Kg5 36. Bxb8 Nb6 37. Nxf2 Nxc4 38. Qc5+ 1-0

[Event "Challenge"]
[Site "http://www.queenalice.com/game.php?id=721366"]
[Date "2010.1.27"]
[Round "-"]
[White "marinaldo"]
[Black "Ripol3"]
[Result "1-0"]
[WhiteElo "1132"]
[BlackElo "1326"]

1. e4 e5 2. Nf3 d6 3. c4 Bg4 4. a4 Nf6 5. d3 Nc6 6. h3 Bxf3 7. Qxf3 Nd4 8. Qd1
c5 9. Be3 a5 10. Bxd4 cxd4 11. g4 g5 12. Na3 b6 13. Nb5 h5 14. Be2 hxg4 15. Kd2
Rxh3 16. Qg1 Nh5 17. Bxg4 Nf6 18. Bxh3 Bh6 19. Bf5 Nh5 20. Rxh5 Qf6 21. Nc7+ Kd8
22. Nxa8 g4+ 23. Ke2 Ke7 24. Nxb6 Qh8 25. Qxg4 f6 26. Qg6 Qg7 27. Rxh6 Qxg6 28.
Rxg6 d5 29. Nxd5+ 1-0

[Event "Challenge"]
[Site "http://www.queenalice.com/game.php?id=727887"]
[Date "2010.2.8"]
[Round "-"]
[White "marinaldo"]
[Black "babycrocket"]
[Result "0-1"]
[WhiteElo "1083"]
[BlackElo "1730"]

1. e4 e5 2. Nf3 Nc6 3. Bb5 a6 4. Bxc6 dxc6 5. Nxe5 Qd4 6. Nf3 Qxe4+ 7. Qe2 Qxe2+
8. Kxe2 c5 9. Kd1 Bd6 10. Re1+ Ne7 11. g3 O-O 12. Ne5 Be6 13. f3 Rad8 14. f4 Nf5
15. g4 Ne7 16. f5 Bd5 17. c4 Bc6 18. Nxc6 Nxc6 19. Nc3 Bxh2 20. Nd5 Rc8 21. a3
Nd4 22. Re7 Kh8 23. Re2 Nxe2 24. Kxe2 Rfe8+ 25. Kf3 Be5 26. d3 c6 27. Nb6 Rcd8
28. Ke2 Bc7+ 29. Be3 Bxb6 30. a4 Bc7 31. Kd2 Re4 32. g5 Bf4 33. Kc2 Rxe3 0-1

[Event "Challenge"]
[Site "http://www.queenalice.com/game.php?id=732668"]
[Date "2010.2.16"]
[Round "-"]
[White "vcmiranda"]
[Black "marinaldo"]
[Result "1-0"]
[WhiteElo "1225"]
[BlackElo "1151"]

1. e4 e5 2. Nf3 Nc6 3. Nc3 Nf6 4. Bc4 a6 5. d3 b5 6. Bd5 b4 7. Bxc6 dxc6 8. Bg5
bxc3 9. bxc3 h6 10. Bxf6 Qxf6 11. O-O g5 12. d4 g4 13. dxe5 Qf4 14. Qd3 gxf3 15.
Rad1 a5 16. Qd8# 1-0

[Event "Challenge"]
[Site "http://www.queenalice.com/game.php?id=735961"]
[Date "2010.2.22"]
[Round "-"]
[White "cbarreiro"]
[Black "marinaldo"]
[Result "0-1"]
[WhiteElo "1146"]
[BlackElo "1130"]

1. d4 d5 2. e3 e6 3. Bb5+ c6 4. Ba4 b5 5. Qh5 g6 6. Qe5 f6 7. Qf4 Bd6 8. Qf3
bxa4 9. Bd2 a5 10. Nc3 a3 11. bxa3 h5 12. g4 hxg4 13. Qxg4 g5 14. e4 e5 15. Qf3
g4 16. Qd3 Ba6 17. Qe3 Qb6 18. Rb1 exd4 19. Qe2 Bxe2 20. Kxe2 Qa6+ 21. Ke1 dxc3
22. Bxc3 dxe4 23. Ne2 Bxa3 24. h3 Qc4 25. Rg1 f5 26. Rd1 Rxh3 27. Rd4 Qxa2 28.
Kd2 c5 29. Rd6 Qc4 30. Nf4 Qxc3+ 31. Kd1 Qf3+ 32. Kd2 Qxf2+ 33. Ne2 Qe3+ 34. Ke1
Nd7 35. Rg6 Ne7 36. Rg2 Bb4+ 0-1

[Event "Challenge"]
[Site "http://www.queenalice.com/game.php?id=781617"]
[Date "2010.5.27"]
[Round "-"]
[White "chengo15"]
[Black "marinaldo"]
[Result "1-0"]
[WhiteElo "1412"]
[BlackElo "1232"]

1. d4 d5 2. c4 dxc4 3. Nc3 c6 4. e4 f6 5. Bxc4 e6 6. Nf3 b5 7. Bb3 a5 8. a3 b4
9. axb4 Bb7 10. Bxe6 axb4 11. Na4 c5 12. d5 Bc8 13. O-O Bxe6 14. dxe6 Qxd1 15.
Rxd1 Nc6 16. Rd7 Ne5 17. Nxe5 fxe5 18. b3 Nf6 19. Rc7 Nxe4 20. Be3 Nc3 21. Re1
Nd5 22. Rd7 Nf6 23. Rb7 Ng4 24. h3 Nxe3 25. Rxe3 Bd6 26. Rd3 Rd8 27. Rxd6 Rxd6
28. Nxc5 Rc6 29. Rb8+ 1-0

[Event "Let's Play Chess!"]
[Site "http://www.queenalice.com/game.php?id=781618"]
[Date "2010.5.27"]
[Round "-"]
[White "LukeKovacs"]
[Black "marinaldo"]
[Result "0-1"]
[WhiteElo "1264"]
[BlackElo "1156"]

1. d4 d5 2. Bf4 h6 3. Nf3 g5 4. Be5 f6 5. Bg3 h5 6. h4 g4 7. Nfd2 Bg7 8. e4 f5
9. e5 Nc6 10. c3 Bh6 11. Bb5 a6 0-1

[Event "Let's Play Chess!"]
[Site "http://www.queenalice.com/game.php?id=785990"]
[Date "2010.6.5"]
[Round "-"]
[White "rootgauss"]
[Black "marinaldo"]
[Result "1-0"]
[WhiteElo "1642"]
[BlackElo "1232"]

1. e4 e5 2. Nf3 Nc6 3. d4 d6 4. dxe5 dxe5 5. Qxd8+ Kxd8 6. Bb5 f6 7. Nc3 a6 8.
Bc4 Bb4 9. Bd2 b5 10. Bd5 Bb7 11. O-O Bxc3 12. Bxc3 Nge7 13. Bb3 b4 14. Bd2 Nd4
15. Nxd4 exd4 16. Bxb4 Bxe4 17. Rfe1 f5 18. f3 Nd5 19. Bc5 Ne3 20. fxe4 fxe4 21.
Bxd4 Nf5 22. Bc5 e3 23. Bxe3 Re8 24. Bg5+ Kd7 25. Rad1+ Nd6 26. Rxe8 Rxe8 27. c4
Kc8 28. c5 Ne4 29. Re1 Re5 30. Bf4 Re8 31. Bd5 Nf6 32. Rxe8+ Nxe8 33. b4 Nf6 34.
Be6+ Kb7 35. Kf2 Ne4+ 36. Ke3 Nc3 37. Be5 Nxa2 38. Bxa2 g6 39. g4 Kc6 40. Kd4
Kb5 41. Kc3 a5 42. bxa5 Kxa5 43. Bxc7+ Kb5 44. Bd6 1-0

[Event "Let's Play Chess!"]
[Site "http://www.queenalice.com/game.php?id=788185"]
[Date "2010.6.11"]
[Round "-"]
[White "Abstro"]
[Black "marinaldo"]
[Result "1-0"]
[WhiteElo "1824"]
[BlackElo "1223"]

1. e4 e5 2. Nf3 Nc6 3. Bc4 Bc5 4. d3 a6 5. Ng5 h6 6. Nxf7 Qf6 7. O-O Rh7 8. Nxe5
Qxe5 9. Qg4 Nf6 10. Qg6+ Kd8 11. Bg8 Rh8 12. Bb3 Nd4 13. Qxg7 Ng4 14. Qxg4 Qg5
15. Bxg5+ hxg5 16. Qxg5+ Be7 17. Qg7 Re8 18. Qxd4 b6 19. Nc3 c5 20. Qd5 Rb8 21.
d4 Bb7 22. Qe5 d6 23. Qf4 Rf8 24. Qe3 b5 25. dxc5 dxc5 26. Bd5 1-0